000 00287nam a22001337a 4500
008 170328b xxu||||| |||| 00| 0 eng d
020 _a0312731337
041 _aeng
080 _a796.3
100 _a8
101 _ashm
245 _aSOCCER FUNDAMENTALS
_cLEARMOUTH, J
942 _2udc
_cBK
999 _c8873
_d8873